[Event "DOE SANGUE XXVII"]
[Site "http://www.queenalice.com/game.php?id=1463530"]
[Date "2017.2.9"]
[Round "-"]
[White "perucona"]
[Black "Maverick7500"]
[Result "0-1"]
[WhiteElo "1246"]
[BlackElo "1389"]

1. e4 e5 2. Nf3 b6 3. Bc4 a6 4. O-O b5 5. Be2 c6 6. Nc3 d5 7. exd5 cxd5 8. d4 e4
9. Ne5 f6 10. Nd3 exd3 11. cxd3 b4 12. Bd2 bxc3 13. bxc3 f5 14. Qa4+ Bd7 15. Qd1
f4 16. Bxf4 g5 17. Be5 Nc6 18. Bxh8 Nf6 0-1

[Event "DOE SANGUE LV"]
[Site "http://www.queenalice.com/game.php?id=1463559"]
[Date "2017.2.9"]
[Round "-"]
[White "perucona"]
[Black "Maverick7500"]
[Result "0-1"]
[WhiteElo "1291"]
[BlackElo "1294"]

1. e4 e5 2. Nf3 b6 3. Nc3 a6 4. Bc4 b5 5. Be2 c6 6. a3 d5 7. O-O dxe4 8. Nxe4 f5
9. Nc3 e4 10. Ne5 Bd6 11. f3 Bxe5 12. fxe4 fxe4 13. Qe1 Qc7 14. Bd1 Bxh2+ 0-1

[Event "TEOREMA IX"]
[Site "http://www.queenalice.com/game.php?id=1464582"]
[Date "2017.2.15"]
[Round "-"]
[White "perucona"]
[Black "Maverick7500"]
[Result "0-1"]
[WhiteElo "1257"]
[BlackElo "1378"]

1. e4 e5 2. Nf3 a6 3. Nc3 c6 4. Bd3 d5 5. exd5 cxd5 6. Bf1 e4 7. Nd4 Bc5 8. d3
Bxd4 9. Qd2 exd3 10. Qxd3 Qe7+ 11. Qe2 Bg4 12. Qxe7+ Nxe7 13. f3 Bf5 14. Bd3 g6
15. Nd1 O-O 16. Bd2 h5 0-1

[Event "TEOREMA XII"]
[Site "http://www.queenalice.com/game.php?id=1464585"]
[Date "2017.2.15"]
[Round "-"]
[White "perucona"]
[Black "Maverick7500"]
[Result "0-1"]
[WhiteElo "1269"]
[BlackElo "1366"]

1. e4 e6 2. d4 Qf6 3. Qf3 Qxf3 4. gxf3 Nc6 5. d5 exd5 6. e5 Nxe5 7. Nc3 d4 8.
Nd5 Bd6 9. f4 Ng4 10. f3 c6 11. Nb4 Bxb4+ 12. Bd2 a5 13. a3 Be7 14. fxg4 Bh4+
15. Kd1 d5 16. Ne2 c5 0-1

[Event "Challenge"]
[Site "http://www.queenalice.com/game.php?id=1465936"]
[Date "2017.2.22"]
[Round "-"]
[White "edemarc"]
[Black "Maverick7500"]
[Result "1-0"]
[WhiteElo "1442"]
[BlackElo "1304"]

1. e4 e5 2. Nf3 a6 3. Nxe5 Qf6 4. Ng4 Qb6 5. a3 Be7 6. d4 h5 7. Ne3 Nc6 8. c3
Rh6 9. Nc4 Qa7 10. Be3 b5 11. Bxh6 bxc4 12. Bxg7 Bf6 13. Bxf6 Nxf6 14. e5 Ne4
15. Qxh5 Ne7 16. Qh8+ Ng8 17. Bxc4 Kf8 18. O-O Qb6 19. b4 a5 20. b5 d5 21. Bxd5
Ng5 22. a4 Qh6 23. Qxh6+ Nxh6 24. Bxa8 f5 25. Nd2 Ng4 26. d5 f4 27. Rae1 f3 28.
d6 c5 29. Nxf3 Ne6 30. h3 Nh6 31. g4 Nf4 32. Kh2 c4 33. Re4 Nd3 34. Rxc4 Nb2 35.
Rxc8+ Kg7 36. Rc7+ Nf7 37. Ng5 Nxa4 38. Bd5 Kg6 39. Nxf7 1-0

[Event "Maverick challenge "]
[Site "http://www.queenalice.com/game.php?id=1467226"]
[Date "2017.3.3"]
[Round "-"]
[White "Maverick7500"]
[Black "saturnin"]
[Result "0-1"]
[WhiteElo "1249"]
[BlackElo "1606"]

1. e4 e5 2. Qf3 d6 3. Bc4 Qe7 4. d4 Nc6 5. Bg5 f6 6. Bh4 Nxd4 7. Qd3 g5 8. Bg3
c6 9. c3 Ne6 10. b4 h5 11. h4 g4 12. f3 b5 13. Bb3 a5 14. a3 a4 15. Ba2 Bh6 16.
Ne2 Bb7 17. c4 Ba6 18. c5 dxc5 19. fxg4 hxg4 20. O-O c4 21. Qc3 c5 22. bxc5 Nxc5
23. Nd2 Nd3 24. Qa5 Qe6 25. Rab1 Qc6 26. h5 Ne7 27. Bh4 Bg5 28. Bxg5 fxg5 29.
Ng3 Nf4 30. Nf5 Qc5+ 31. Kh1 Rxh5+ 32. Nh4 Rxh4# 0-1

[Event "Challenge"]
[Site "http://www.queenalice.com/game.php?id=1474788"]
[Date "2017.4.23"]
[Round "-"]
[White "Maverick7500"]
[Black "mvson33"]
[Result "0-1"]
[WhiteElo "1325"]
[BlackElo "1828"]

1. e4 d5 2. exd5 Qxd5 3. c4 Qd8 4. c5 c6 5. b4 Bf5 6. Qf3 Bg6 7. h4 h6 8. h5 Bh7
9. Bc4 Nf6 10. g4 e6 11. g5 hxg5 12. Bb2 Nbd7 13. h6 gxh6 14. Nc3 Bg6 15. Nh3
Qc7 16. Nxg5 Bg7 17. Nce4 hxg5 18. Rxh8+ Bxh8 19. Bxf6 Nxf6 20. Nxf6+ Bxf6 21.
Qxf6 Qe7 22. Qh8+ Qf8 23. Qf6 Qh6 24. O-O-O Qh4 25. d3 Rd8 26. d4 Qe4 27. Bd3
Qxd4 28. Qxg5 Qc3+ 29. Kb1 Rxd3 30. Qc1 Rxd1# 0-1

[Event "CALIXTO IV"]
[Site "http://www.queenalice.com/game.php?id=1486026"]
[Date "2017.7.14"]
[Round "-"]
[White "rogeriocastro"]
[Black "Maverick7500"]
[Result "0-1"]
[WhiteElo "1268"]
[BlackElo "1474"]

1. e4 e5 2. Nf3 Qf6 3. Nc3 g5 4. Bb5 a6 5. Be2 b5 6. O-O b4 7. Nb1 g4 8. Ne1 Nc6
9. g3 h5 10. h4 Nh6 0-1

[Event "CALIXTO XXIV"]
[Site "http://www.queenalice.com/game.php?id=1486050"]
[Date "2017.7.14"]
[Round "-"]
[White "rogeriocastro"]
[Black "Maverick7500"]
[Result "0-1"]
[WhiteElo "1276"]
[BlackElo "1466"]

1. e4 e5 2. Nf3 Qf6 3. Nc3 g5 4. Bb5 a6 5. Be2 b5 6. b4 g4 7. Ng1 a5 8. bxa5
Rxa5 9. f3 b4 10. fxg4 bxc3 0-1

[Event "CALIXTO XXVII"]
[Site "http://www.queenalice.com/game.php?id=1486053"]
[Date "2017.7.14"]
[Round "-"]
[White "rogeriocastro"]
[Black "Maverick7500"]
[Result "0-1"]
[WhiteElo "1253"]
[BlackElo "1489"]

1. e4 e5 2. Nf3 Qf6 3. Nc3 g5 4. g4 d5 5. exd5 c6 6. Bd3 Bxg4 7. Rg1 Bxf3 8. Be2
e4 9. Bxf3 exf3 10. Rg3 h5 0-1

[Event "SANGUE BOM  II"]
[Site "http://www.queenalice.com/game.php?id=1489167"]
[Date "2017.8.8"]
[Round "-"]
[White "rogeriocastro"]
[Black "Maverick7500"]
[Result "0-1"]
[WhiteElo "1294"]
[BlackElo "1549"]

1. e4 e5 2. Nf3 Qf6 3. Bc4 a6 4. O-O b5 5. Be2 Nc6 6. d3 Nh6 7. Bxh6 gxh6 8. c3
b4 9. cxb4 Nxb4 10. Qd2 Bc5 11. Bd1 c6 12. a3 Nxd3 13. Be2 Nf4 14. g3 Nh3+ 15.
Kg2 d6 16. Nc3 Rg8 17. Ne1 Bxf2 18. Bf3 Rxg3+ 19. Kh1 Bg1 20. Ng2 Rxf3 21. Rxg1
Rf2 22. Qe1 Qf3 23. Qd1 Qg4 24. Ne3 Qxd1 25. Nexd1 Bg4 0-1

[Event "SANGUE BOM IX"]
[Site "http://www.queenalice.com/game.php?id=1489210"]
[Date "2017.8.8"]
[Round "-"]
[White "rogeriocastro"]
[Black "Maverick7500"]
[Result "0-1"]
[WhiteElo "1403"]
[BlackElo "1509"]

1. e4 e5 2. Nf3 Qf6 3. Bc4 a6 4. O-O b5 5. Be2 Bc5 6. d3 Nc6 7. Be3 d6 8. c3 b4
9. cxb4 Nxb4 10. a3 Nc6 11. Bxc5 dxc5 12. Nc3 Qg6 13. g3 f5 14. exf5 Qxf5 15.
Re1 e4 16. dxe4 Qg6 17. Nh4 Qg5 18. Nf3 Qh6 19. Kg2 Qh3+ 20. Kh1 Nf6 21. e5 Ng4
22. Rf1 Ncxe5 23. Nxe5 Qxh2# 0-1

[Event "SANGUE BOM XIX"]
[Site "http://www.queenalice.com/game.php?id=1489220"]
[Date "2017.8.8"]
[Round "-"]
[White "rogeriocastro"]
[Black "Maverick7500"]
[Result "0-1"]
[WhiteElo "1322"]
[BlackElo "1521"]

1. e4 e5 2. Nf3 Qf6 3. Bc4 a6 4. O-O b5 5. Be2 Nc6 6. c3 b4 7. c4 Nd4 8. Re1 Bc5
9. Nxd4 exd4 10. d3 a5 11. Bf4 g5 12. Bg3 h5 13. h4 gxh4 14. Bh2 d5 15. exd5 Qg6
16. Bf3+ Ne7 17. Qe2 Bh3 18. Kh1 Bg4 19. Bxg4 hxg4 20. Rg1 g3 21. fxg3 hxg3 22.
Qf3 gxh2 23. Nd2 hxg1=Q+ 24. Kxg1 Bd6 25. Re1 Rh2 0-1

[Event "SANGUE BOM XXVI"]
[Site "http://www.queenalice.com/game.php?id=1489228"]
[Date "2017.8.8"]
[Round "-"]
[White "rogeriocastro"]
[Black "Maverick7500"]
[Result "0-1"]
[WhiteElo "1288"]
[BlackElo "1555"]

1. e4 e5 2. Nf3 Qf6 3. Nc3 a6 4. Bc4 b5 5. Be2 Nc6 6. O-O b4 7. Nd5 Nd4 8. Re1
c6 9. Rf1 cxd5 10. Nxd4 exd4 11. c3 bxc3 12. dxc3 dxc3 13. bxc3 d6 14. exd5 Qg6
15. g3 f5 16. Re1 f4 17. Bxf4 Ne7 18. Qc1 Nxd5 19. Bd2 h5 20. Bc4+ Ne7 21. Re2
d5 22. Bd3 Qxd3 23. Rb1 Qxe2 24. Rb2 Nf5 25. Be1 Bc5 0-1

[Event "ICAO II"]
[Site "http://www.queenalice.com/game.php?id=1493641"]
[Date "2017.9.9"]
[Round "-"]
[White "rogeriocastro"]
[Black "Maverick7500"]
[Result "0-1"]
[WhiteElo "1314"]
[BlackElo "1529"]

1. e4 e5 2. Nf3 Qf6 3. Nc3 Nc6 4. Bb5 a6 5. Bxc6 bxc6 6. O-O a5 7. Qe2 Ba6 8. d3
c5 9. Qe3 h5 10. h3 c4 11. dxc4 Bxc4 12. Re1 d6 13. Kh1 c5 14. Bd2 g5 15. g4
hxg4 16. Nh2 gxh3 17. Rg1 Rh4 18. Rg3 g4 19. Nxg4 Qg6 20. Nh2 Qh7 21. Qf3 Rf4
22. Qe3 Rb8 0-1

[Event "A FAZENDA NOVA CHANCE IV"]
[Site "http://www.queenalice.com/game.php?id=1494966"]
[Date "2017.9.17"]
[Round "-"]
[White "rogeriocastro"]
[Black "Maverick7500"]
[Result "0-1"]
[WhiteElo "1300"]
[BlackElo "1543"]

1. e4 e5 2. Nf3 Qf6 3. Nc3 a6 4. Bc4 b5 5. Be2 b4 6. Nd5 Qd6 7. O-O c6 8. d3
cxd5 9. exd5 Qg6 10. g3 d6 11. Kh1 a5 12. Rg1 e4 13. dxe4 Qxe4 14. Kg2 Qe6 15.
Nd4 Qh3+ 16. Kf3 Bg4+ 17. Kf4 g5+ 18. Kxg5 f6+ 19. Kf4 Bh6+ 20. Ke4 f5+ 21. Kd3
Qxh2 0-1

[Event "A FAZENDA NOVA CHANCE XIII"]
[Site "http://www.queenalice.com/game.php?id=1494975"]
[Date "2017.9.17"]
[Round "-"]
[White "rogeriocastro"]
[Black "Maverick7500"]
[Result "0-1"]
[WhiteElo "1307"]
[BlackElo "1536"]

1. e4 e5 2. Nf3 Qf6 3. Nc3 a6 4. Bd3 b5 5. O-O b4 6. Ne2 Nc6 7. c3 a5 8. cxb4
axb4 9. b3 d6 10. Bb2 Qg6 11. g3 h5 12. h4 d5 13. exd5 e4 14. Ne1 exd3 15. Nf4
Qg4 16. Nfxd3 Bf5 17. Qxg4 hxg4 18. Nc2 Bxd3 19. Rfc1 Na5 20. a3 bxa3 21. Rxa3
Bxa3 0-1

[Event "A FAZENDA NOVA CHANCE XIV"]
[Site "http://www.queenalice.com/game.php?id=1494976"]
[Date "2017.9.17"]
[Round "-"]
[White "rogeriocastro"]
[Black "Maverick7500"]
[Result "0-1"]
[WhiteElo "1416"]
[BlackElo "1496"]

1. e4 e5 2. Nf3 Qf6 3. Nc3 a6 4. Bc4 b5 5. Be2 b4 6. Nb1 Nc6 7. O-O a5 8. b3 d6
9. c3 Qg6 10. g3 h5 11. cxb4 h4 12. Kh1 axb4 13. Ne1 hxg3 14. fxg3 Nd4 15. Nd3
Bh3 16. Rg1 Qxe4+ 17. Bf3 Nxf3 18. Rf1 Nxd2+ 19. Kg1 Qg2# 0-1